The Manual Wordstar (Record no. 548459)
[ view plain ]
| 000 -LEADER | |
|---|---|
| fixed length control field | 00463nam a2200157 a 4500 |
| 082 ## - DEWEY DECIMAL CLASSIFICATION NUMBER | |
| Classification number | 652.5 |
| Author Mark | WIL |
| -- | L-2, P-116 |
| 100 1# - MAIN ENTRY--PERSONAL NAME | |
| Personal name | Williams, Robert E. |
| 9 (RLIN) | 44761 |
| 245 1# - TITLE STATEMENT | |
| Title | The Manual Wordstar |
| 260 ## - PUBLICATION, DISTRIBUTION, ETC. | |
| Place of publication, distribution, etc. | Delhi : |
| Name of publisher, distributor, etc. | B. P. B. Publications , |
| Date of publication, distribution, etc. | 1986 |
| 300 ## - PHYSICAL DESCRIPTION | |
| Extent | x, 201p. |
| 526 ## - STUDY PROGRAM INFORMATION NOTE | |
| Program name | 0 |
| Interest level | 0 |
| Reading level | 0 |
| Title point value | 652_500000000000000_WIL |
| 526 ## - STUDY PROGRAM INFORMATION NOTE | |
| Program name | 0 |
| Interest level | 0 |
| Reading level | 0 |
| Title point value | 652_500000000000000_WIL |
| 650 #0 - SUBJECT ADDED ENTRY--TOPICAL TERM | |
| Topical term or geographic name entry element | Word Processing |
| 9 (RLIN) | 36793 |
| 700 ## - ADDED ENTRY--PERSONAL NAME | |
| Personal name | Merejewski, R. H. (ed.) |
| 9 (RLIN) | 44762 |
| 942 ## - ADDED ENTRY ELEMENTS (KOHA) | |
| Source of classification or shelving scheme | |
| Koha item type | Book |
| Withdrawn status | Lost status | Source of classification or shelving scheme | Damaged status | Not for loan | Permanent Location | Current Location | Date acquired | Total Checkouts | Full call number | Barcode | Date last seen | Price effective from | Koha item type |
|---|---|---|---|---|---|---|---|---|---|---|---|---|---|
| Military College of Engineering (MCE) | Military College of Engineering (MCE) | 08/28/2014 | 652.5 WIL | MCE-25617 | 08/28/2014 | 08/28/2014 | Book | ||||||
| Military College of Engineering (MCE) | Military College of Engineering (MCE) | 08/28/2014 | 652.5 WIL | MCE-24992 | 08/28/2014 | 08/28/2014 | Book |
